000
00287nam a2200109Ia 4500
008
191201s2019 xx 000 0 und d
100
_a
ARORA, DR
245
0
_a
Basics of Electrical and Electronics Engineering
260
_b
Ishan Publications
_a
New Delhi
300
_a
232
942
_2
ddc
_c
BK
999
_c
8097
_d
8097